01017nam a2200229 a 450000100100000000500170001000800410002704000250006808200200009310000430011324500510015626000340020730000270024150000630026859000260033165000280035765000310038591000380041695201170045495202010057199900150077200000993220240412074214.0091002s1969 dr a r 000 p spa d aDO-SdBNPbspacBNPHU aRD861.44bD542e1 aDíaz Polanco, Héctor,d1944-9242110aEnemigos íntimos /cHéctor Díaz Polanco. aSanto Domingo :bDido,c1969. a35 p. :bil. ;c18 cm. aIncluye datos biográficos del autor en la contracubierta aInventariado, 2018/BT 0aPoesía dominicana966 0aLiteratura dominicana.967 aValidado. Control de calidad. MFF 0010718PDaPDbPDcHDd2009-10-02iLF1l0oRD861.44 D542ep9932-10r2020-06-25w2020-06-25yLFPDZNo se presta 0010718PDaPDbPDcHDd2015-08-06iLF1l0oRD861.44 D542ep9932-20r2020-06-25te. 2w2020-06-25yLFPDzPerteneció a la biblioteca personal de Chiqui Vicioso / Fidelio Despradel.ZNo se presta c9691d9691